| 000 | 00772nam a22001817a 4500 | ||
|---|---|---|---|
| 999 |
_c372057 _d372057 |
||
| 008 | 201127b ||||| |||| 00| 0 eng d | ||
| 040 |
_aDE-2950 _bger _cDE-2950 _erda |
||
| 041 | _ager | ||
| 245 |
_aAus alter Sportlerklause in der Lindenstraße wird Wohnprojekt. _bLeerstand. Lange stand das Gebäude leer, ein Investor hat die Immobilie sanieren und umbauen lassen. Die Lebenshilfe plant dort etwas Besonderes / _cPhilipp Stepputtis |
||
| 264 | _c2022 | ||
| 653 | _aFrankfurt (Oder) | ||
| 653 | _aWohnprojekt Lindenstraße | ||
| 773 |
_dFrankfurt (Oder) Märkisches Verlags- und Druckhaus GmbH & Co KG _tMärkische Oderzeitung _g33. Jahrgang (2022) Nr. 299vom 23.12.2022, S. 13 |
||
| 942 | _cA | ||